| 000 | 01059nmc a2200385 a 4500 | ||
|---|---|---|---|
| 003 | AR-BaBNM | ||
| 005 | 20251128204919.0 | ||
| 008 | 286019s1994 ||||||||||||||000 | spa|| | ||
| 020 | _a84-7112-389-4 | ||
| 040 | _cAR-BaBNM | ||
| 100 | 1 | _aHouse, Ernest R. | |
| 245 | 1 | 0 | _aEvaluación, ética y poder |
| 260 |
_aMadrid _bEdiciones Morata _c1994 |
||
| 300 | 0 |
_a271 p. _bdiagr. |
|
| 490 | 0 | _aPedagogía. Manuales | |
| 504 | _aBibliografía: p. 262-269 | ||
| 610 | 2 | 4 | _aEducational Product Evaluation De Glass |
| 650 | 4 | _aLIBERALISMO | |
| 650 | 4 | _aEVALUACION DEL ALUMNO | |
| 650 | 4 | _aEVALUACION INTERNA | |
| 650 | 4 | _aCRITERIOS DE EVALUACION | |
| 650 | 4 | _aMETODOS DE EVALUACION | |
| 650 | 4 | _aTECNICAS DE EVALUACION | |
| 650 | 4 | _aETICA PROFESIONAL | |
| 650 | 4 | _aVALORES MORALES | |
| 650 | 4 | _aVALORES SOCIALES | |
| 650 | 4 | _aJUSTICIA | |
| 650 | 4 | _aCALIDAD | |
| 651 | 4 | _aEstados Unidos | |
| 653 | 0 | _aEVALUACION INSTITUCIONAL | |
| 653 | 0 | _aEVALUACION EDUCATIVA | |
| 700 | 1 |
_aManzano, Pablo _etraductor |
|
| 942 | _cBK | ||
| 998 | _csilvi | ||
| 999 |
_c9313 _d9313 |
||